|
|
|
|
| LEADER |
00942cam a2200277 7i4500 |
| 001 |
0000065953 |
| 005 |
20220127090000.0 |
| 020 |
|
|
|a 9781292191713
|
| 020 |
|
|
|a 9781292191669
|
| 020 |
|
|
|a 9781292191706 (electronic book)
|
| 090 |
0 |
0 |
|a HB135
|b .J32 2018
|
| 100 |
1 |
|
|a Jacques, Ian
|
| 245 |
1 |
0 |
|a Mathematics for economics and business
|c Ian Jacques.
|
| 250 |
|
|
|a Ninth edition.
|
| 264 |
|
|
|a Harlow, United Kingdom:
|b Pearson Education,
|c 2018.
|
| 300 |
|
|
|a 1 online resource (xii, 738 pages):
|b text file, PDF.
|
| 336 |
|
|
|a text
|2 rdacontent
|
| 337 |
|
|
|a computer
|2 rdamedia
|
| 338 |
|
|
|a online resource
|2 rdacarrier
|
| 650 |
0 |
0 |
|a Economics, Mathematical
|
| 650 |
0 |
0 |
|a Business mathematics
|
| 655 |
0 |
0 |
|a Electronic books
|
| 856 |
4 |
2 |
|u http://library.unisel.edu.my/web/guest/mylibrary
|
| 997 |
|
|
|a Business & Accountancy, Faculty
|
| 998 |
|
|
|a Business Administration, Degree
|
| 999 |
|
|
|a EBO0010660
|b EBOOK
|c EBOOK
|e Electronic resources
|